Энергосиловое оборудование промышленных предприятий: учебное пособие для вузов

Bibliographic Details
Main Author: Быстрицкий Г. Ф. Геннадий Федорович
Summary:Изложены основные положения технической термодинамики и теории теплообмена, рассмотрены циклы тепловых машин и установок, а также устройство, принцип работы и характеристики котельных агрегатов и нагнетательных машин, представлены сведения о теплообменных аппаратах, характеристиках и методах сжигания различных видов топлива. Для студентов вузов и учреждений среднего профессионального образования электротехнических специальностей. Может быть полезно работникам промышленности, занимающимся эксплуатацией энергосилового оборудования.
Language:Russian
Published: Москва, Академия, 2008
Edition:4-е изд., стер.
Series:Высшее профессиональное образование. Электротехника
Subjects:
Format: Book
KOHA link:https://koha.lib.tpu.ru/cgi-bin/koha/opac-detail.pl?biblionumber=147063

MARC

LEADER 00000nam0a2200000 4500
001 147063
005 20231101221253.0
010 |a 9785769551116 
035 |a (RuTPU)RU\TPU\book\159403 
035 |a RU\TPU\book\126689 
090 |a 147063 
100 |a 20081107d2008 m y0rusy50 ca 
101 0 |a rus 
102 |a RU 
105 |a a j 001zy 
200 1 |a Энергосиловое оборудование промышленных предприятий  |e учебное пособие для вузов  |f Г. Ф. Быстрицкий 
205 |a 4-е изд., стер. 
210 |a Москва  |c Академия  |d 2008 
215 |a 304 с.  |c ил. 
225 1 |a Высшее профессиональное образование. Электротехника 
320 |a Список литературы: с. 301-302. 
330 |a Изложены основные положения технической термодинамики и теории теплообмена, рассмотрены циклы тепловых машин и установок, а также устройство, принцип работы и характеристики котельных агрегатов и нагнетательных машин, представлены сведения о теплообменных аппаратах, характеристиках и методах сжигания различных видов топлива. Для студентов вузов и учреждений среднего профессионального образования электротехнических специальностей. Может быть полезно работникам промышленности, занимающимся эксплуатацией энергосилового оборудования. 
451 1 |0 (RuTPU)RU\TPU\book\126689  |y 5-7695-3274-2  |t Энергосиловое оборудование промышленных предприятий  |o учебное пособие для вузов  |f Г. Ф. Быстрицкий  |e 3-е изд., стер.  |c М.  |n Академия  |d 2006  |p 304 с.  |s Высшее профессиональное образование  |a Быстрицкий, Геннадий Федорович 
606 1 |a Промышленные предприятия  |x Энергетическое оборудование  |2 stltpush  |3 (RuTPU)RU\TPU\subj\52740  |9 71143 
606 1 |a Промышленная теплоэнергетика  |2 stltpush  |3 (RuTPU)RU\TPU\subj\52248 
610 1 |a энергосиловое оборудование 
610 1 |a теплотехника 
610 1 |a техническая термодинамика 
610 1 |a тепловые машины 
610 1 |a циклы 
610 1 |a теплообмен 
610 1 |a тепловое оборудование 
610 1 |a теплообменные аппараты 
610 1 |a топливо 
610 1 |a сжигание 
610 1 |a котельные установки 
610 1 |a нагнетательные машины 
610 1 |a центробежные машины 
610 1 |a учебные пособия 
610 1 |a электротехника 
610 1 |a электромеханика 
610 1 |a электротехнологии 
675 |a 658.26(075.8)  |v 3 
675 |a 658.264(075.8)  |v 3 
700 1 |a Быстрицкий  |b Г. Ф.  |g Геннадий Федорович 
801 1 |a RU  |b 63413507  |c 20070530  |g PSBO 
801 2 |a RU  |b 63413507  |c 20150731  |g PSBO 
900 |a Техническая термодинамика 
900 |a Техническая термодинамика и энерготехнология 
900 |a Промышленная теплотехника 
942 |c BK 
951 |b 140610  |b 140600